| 000 | 00440nam a2200145Ia 4500 | ||
|---|---|---|---|
| 008 | 220214s9999 xx 000 0 und d | ||
| 022 | _a0304-1131 | ||
| 245 | 0 | _aAGRICULTURE AND ENVIRONMENT | |
| 246 | _aAgriculture, Ecosystems and Environment | ||
| 260 | _bElsevier Science Publishers B.V., Amsterdam, The Netherlands | ||
| 310 | _aQ | ||
| 500 | _aEnding Volume & Year: 7, 1982 | ||
| 500 | _aStarting Volume & Year: 4, 1978 | ||
| 942 | _cBJ | ||
| 999 |
_c7112 _d7112 |
||